000 00949nam a22002417i 4500
999 _c22787
_d22787
003 AR-CdUCM
008 240307b20202020pe ||||| |||| 00| 0 spa d
020 _a978-612-4392-32-0
040 _aMUNICIPALIDAD PROVINCIAL DEL CUSCO
_cBIBLIOTECA MUNICIPAL DEL CUSCO
041 _hspa
082 _a869.56 / T7426G
_bT7426G
100 _aTorres Corrales, Cosme
_949447
245 _aLa gesta de los vallunos :
_bCrónicas, leyendas y tradiciones de Calca /
260 _aCusco :
_bUniversidad Andina del Cusco,
_c2020
300 _a175 páginas. :
_c21 cm.
505 _aExcursión a Machupicchu -- El circo Dúmbar -- Mi vida magisterial -- Agua potable en Calca -- Virgen Asunta -- Los domingos en Calca -- El entierro de los gatos -- Cuentos de la provincia.
650 _aCuentos de Calca
_949448
650 _aLeyendas
_92226
650 _aNarraciones
_9930
856 _fwww.uandina.edu.pe
942 _2ddc
_cLIBROS
945 _apbj
_d07-03-2020